00672 2200229 4500001002100000005001500021035002000036245010300056100002600159250001100185300002400196700002500220700001600245260004700261082001100308084001700319020002200336650002100358008004100379990001100420990001100431INLIS00000000000193520251224012251 a0010-12250000111 aA To Z Penyakit Gerd :bPertolongan Pertama Mengenal dan Menuntaskan Gerd /cMarcellus Simadibrata0 aMarcellus Simadibrata aCet. 2 avi, 96 hlm ;c21 cm0 aJeffri Aloys Gunawan0 aIda Gunawan aJakarta :bPT Elex Media Komputindo,c2024 a616.33 a616.33 MAR a a978-623-004-678-0 4aGastroenterologi251224 0  a004009 a004008